000 00258nam a22001217a 4500
020 _a0-7214-1588-1
082 _a823
_bBAU/W
100 _aBAUM, L F
245 _aTHE WIZARD OF OZ
260 _aUK
_bLADY BIRD
650 _aENGLISH SHORT STORY
_zUK
942 _cBK
999 _c2139
_d2139